| 000 | 00337nam a2200133Ia 4500 | ||
|---|---|---|---|
| 008 | 191201s2007 xx 000 0 und d | ||
| 082 |
_a510 _bTRD |
||
| 100 | _aTremblay | ||
| 245 | 0 | _aDiscrete Mathematical Structure with Application to Computer | |
| 260 |
_aN.Delhi _bTMH _c2007 |
||
| 300 | _a- | ||
| 650 | _aB.Tech(IT) | ||
| 942 |
_2ddc _cBK |
||
| 999 |
_c2958 _d2958 |
||